Szczegóły MARC21

Gerhart Hauptmann : "Nu jaja!-Nu nee nee!" : (Ansorge in Gerhart Hauptmanns "De Waber/Die Weber") : Beiträge eines Colloquiums /

003 -Nazwa inst., której nr kontr. jest w polu 001 [,]
    • @
    • Nazwa instytucji, której n kontrolny jest w polu 001
    • NUKAT
005 -DATA I CZAS OSTATNIEJ MODYFIKACJI [,]
    • @
    • pole kontrolne
    • 20241231115543.0
020 -Międzynarod. znormalizowany nr książki - ISBN [ , ]
    • a
    • Numer ISBN
    • 3933182018 Find
040 -Instytucja sporządzająca opis [ , ]
    • a
    • Instytucja, która sporządziła opis (NP)
    • OLSZT 003/bak
    • c
    • Instytucja, która sporządziła rekord (NP)
    • OLSZT 003/bak
    • d
    • Instytucja, która zmodyfikowała rekord (P)
    • OLSZT 003/bak
    • d
    • Instytucja, która zmodyfikowała rekord (P)
    • SZCZ M/HS
    • d
    • Instytucja, która zmodyfikowała rekord (P)
    • SZCZ M/HS
942 -Rodzaj dokumentu [ , ]
    • c
    • Rodzaj dokumentu
    • Książka
245 -Strefa tytułu i oznaczenia odpowiedzialności [0,0]
    • a
    • Tytuł
    • Gerhart Hauptmann : Find
    • b
    • Ciąg dalszy tytułu (NP)
    • "Nu jaja!-Nu nee nee!" : (Ansorge in Gerhart Hauptmanns "De Waber/Die Weber") : Beiträge eines Colloquiums / Find
    • c
    • Pozostałe elementy strefy tytułu i oznaczenia odpowiedzialności (NP)
    • hrsg. von Rüdiger Bernhardt.
260 -Strefa adresu wydawniczego [ , ]
    • a
    • Miejsce wydania (P)
    • Lübeck-Travemünde :
    • b
    • Nazwa wydawcy (P)
    • Ostsee Akademie,
    • c
    • Data wydania (P)
    • 1998.
300 -Strefa opisu fizycznego [ , ]
    • a
    • Określenie formy książki i/lub objętość (NP)
    • 199 s. ;
    • c
    • Format (NP)
    • 21 cm.
336 -Typ zawartości [ , ]
    • a
    • Termin opisujący typ zawartości
    • Tekst
    • b
    • Kod określający zawartość
    • txt
    • 2
    • Źródło (terminu i kodu)
    • rdacontent
337 -Typ mediów [ , ]
    • a
    • Tryb odtwarzania
    • Bez urządzenia pośredniczącego
    • b
    • Kod typu mediów
    • n
    • 2
    • Źródło (terminu i kodu)
    • rdamedia
338 -Typ/rodzaj nośnika [ , ]
    • a
    • Hasło opisujące typ nośnika
    • Wolumin
    • b
    • Kod typu nośnika
    • nc
    • 2
    • Źródło (terminu i kodu)
    • rdacarrier
490 -Strefa serii i książki wielotomowej - forma nie do wyszukiwania [1, ]
    • a
    • Tytuł (P)
    • Travemünder Protokolle : Berichte aus der Ostsee-Akademie ; Find
    • v
    • Numeracja (P)
    • Bd. 4
830 -Hasło dodatkowe serii i opisu książki wielotomowej - tytuł ujednolicony/tytuł [ ,0]
    • a
    • Tytuł ujednolicony/tytuł (NP)
    • Travemünder Protokolle
    • x
    • ISSN
    • 1430-9327
    • v
    • Oznaczenie tomu (NP)
    • Bd. 4
    • 9
    • KHW
    • 537246
500 -Uwaga ogólna [ , ]
    • a
    • Uwaga ogólna (NP)
    • Materiały z międzynarodowej konferencji nt. "Gerhart Hauptmann. Zum fünfzigsten Todestag", Kloster auf Hiddensee, 28 kwiecień - 1 maja 1996 r.
080 -Uniwersalna Klasyfikacja Dziesiętna [ , ]
    • a
    • Symbol klasyfikacji
    • 830(091)"18/19"Hauptmann G.
080 -Uniwersalna Klasyfikacja Dziesiętna [ , ]
    • a
    • Symbol klasyfikacji
    • (061)=30
600 -Hasło przedmiotowe w formie nazwy osobowej [1,7]
    • a
    • Nazwa osobowa
    • Hauptmann, Gerhart
    • d
    • Daty związane z nazwą
    • (1862-1946)
    • x
    • Określnik rzeczowy
    • krytyka i interpretacja
    • v
    • Określnik formalny
    • konferencje.
    • 2
    • Źródło terminu
    • kaba
    • 9
    • KHW
    • 474573
600 -Hasło przedmiotowe w formie nazwy osobowej [1,7]
    • a
    • Nazwa osobowa
    • Hauptmann, Gerhart
    • d
    • Daty związane z nazwą
    • (1862-1946)
    • x
    • Określnik rzeczowy
    • biografie
    • v
    • Określnik formalny
    • konferencje.
    • 2
    • Źródło terminu
    • kaba
    • 9
    • KHW
    • 632341
600 -Hasło przedmiotowe w formie nazwy osobowej [1,7]
    • a
    • Nazwa osobowa
    • Hauptmann, Gerhart
    • d
    • Daty związane z nazwą
    • (1862-1946)
    • x
    • Określnik rzeczowy
    • recepcja
    • z
    • Określnik geograficzny
    • Litwa
    • v
    • Określnik formalny
    • konferencje.
    • 2
    • Źródło terminu
    • kaba
    • 9
    • KHW
    • 632342
600 -Hasło przedmiotowe w formie nazwy osobowej [1,7]
    • a
    • Nazwa osobowa
    • Hauptmann, Gerhart
    • d
    • Daty związane z nazwą
    • (1862-1946)
    • x
    • Określnik rzeczowy
    • recepcja
    • z
    • Określnik geograficzny
    • Łotwa
    • v
    • Określnik formalny
    • konferencje.
    • 2
    • Źródło terminu
    • kaba
    • 9
    • KHW
    • 632344
600 -Hasło przedmiotowe w formie nazwy osobowej [1,7]
    • a
    • Nazwa osobowa
    • Hauptmann, Gerhart
    • d
    • Daty związane z nazwą
    • (1862-1946)
    • x
    • Określnik rzeczowy
    • recepcja
    • z
    • Określnik geograficzny
    • Polska
    • v
    • Określnik formalny
    • konferencje.
    • 2
    • Źródło terminu
    • kaba
    • 9
    • KHW
    • 632343
980 -Symbol UKD [ , ]
    • a
    • UKD
    • 830(091)"18/19"Hauptmann G.(061)=30
700 -Hasło dodatkowe - nazwa osobowa [1, ]
    • a
    • Nazwa osobowa (NP)
    • Bernhardt, Rüdiger Find
    • d
    • Daty biograficzne (NP)
    • (1940- ).
    • e
    • Określenie rodzaju współpracy
    • Oprac.
    • 9
    • KHW
    • 84480
920 -ISBN [ , ]
    • a
    • ISBN
    • 3-933182-01-8 Find
Sygnatura Status udost. Lokalizacja Data inwentaryzacji Numer inwentarzowy
Z.968131BG2000-10-06Z.96813
Germ. Literat. - Hauptmann G. 16-3BM2000-10-06G.14972